| 000 | 01028nac a22003497a 4500 | ||
|---|---|---|---|
| 001 | BR0902006 | ||
| 003 | BR-BrBNA | ||
| 005 | 20240105123733.0 | ||
| 008 | 230509b bl.|||m| |||| 00| 0 por d | ||
| 040 |
_aBR-BrBNA _bpor _cBiblioteca Nacional de Agricultura |
||
| 072 | _aL73 | ||
| 090 | _a5212 BR0902006 | ||
| 100 | 1 | _aMargatho, L.F.F. | |
| 100 | 1 | _aHipolito, M. | |
| 100 | 1 | _aKaneto, C.N. | |
| 110 | 1 |
_aInstituto Biológico, São Paulo, SP (Brasil) _95694 |
|
| 245 | 1 | _aMétodos de prevenção, controle e tratamento da mastite bovina | |
| 260 | 3 |
_aSão Paulo, SP (Brasil): _c1998. |
|
| 300 | _a35 p. | ||
| 490 |
_aBoletim Técnico - Instituto Biológico (Brazil) _vno. 9 _xISSN 1413-2400 |
||
| 500 | _a22 illus.; 49 ref. | ||
| 650 | _aBOVINO | ||
| 650 | _aMASTITE | ||
| 650 | _aBACTÉRIA | ||
| 650 | _aDOENÇA ANIMAL | ||
| 650 | _aPROFILAXIA | ||
| 650 | _aCONTROLE | ||
| 650 | _aEPIDEMIOLOGIA | ||
| 650 | _aVETERINÁRIA | ||
| 909 |
_a202312 _bLúcia Elande _c55 _dLúcia Elande |
||
| 942 |
_2AGRIS _n0 _cMS |
||
| 999 |
_c296778 _d296778 |
||